| 000 | 00731nam a22002057a 4500 | ||
|---|---|---|---|
| 999 |
_c20404 _d20404 |
||
| 003 | AR-CdUCM | ||
| 008 | 190516b ||||| |||| 00| 0 spa d | ||
| 040 |
_aMUNICIPALIDAD PROVINCIAL DEL CUSCO _cBIBLIOTECA MUNICIPAL DEL CUSCO |
||
| 082 |
_a980 / _bS21 |
||
| 110 |
_aCentro de estudios y documentación sociales _942671 |
||
| 245 | _aHistoria de la América Latina / | ||
| 260 | _aMéxico : | ||
| 300 |
_a69 páginas ; _bIlustraciones, _c18 cm. |
||
| 505 | _aContenido: El patrimonio americano -- El momento de la conquista -- Características de la colonización... | ||
| 650 |
_aHistoria _9136 |
||
| 650 |
_aTiempos antiguos _940124 |
||
| 650 |
_aTiempos modernos _940125 |
||
| 942 |
_2ddc _cLIBROS |
||
| 945 |
_adavv _d2019-05-30 |
||